Low carbon buildings programme (Record no. 120545)
[ view plain ]
| 000 -LEADER | |
|---|---|
| fixed length control field | 01103cam a2200181 4500 |
| 001 - CONTROL NUMBER | |
| control field | ##L135918 |
| 008 - FIXED-LENGTH DATA ELEMENTS--GENERAL INFORMATION | |
| fixed length control field | 061218n 000 0 eng u |
| 035 ## - SYSTEM CONTROL NUMBER | |
| System control number | (Sirsi) u135918 |
| 041 0# - LANGUAGE CODE | |
| Language code of text/sound track or separate title | eng |
| 110 1# - MAIN ENTRY--CORPORATE NAME | |
| Corporate name or jurisdiction name as entry element | United Kingdom |
| Subordinate unit | Department of Trade and Industry |
| 245 00 - TITLE STATEMENT | |
| Title | Low carbon buildings programme |
| Remainder of title | phase two |
| 520 ## - SUMMARY, ETC. | |
| Summary, etc. | Website for phase two of the DTI's low carbon buildings programme, which will provide grants for microgeneration technologies for public sector not-for-profit organisations. Explains the eligibility criteria, the scope of the grants, and provides details of Framework Suppliers who will oversee the supply and installation of microgeneration technologies. Also contains information on microgeneration technologies, approved technology products, benchmarks, state aid, and energy efficiency. |
| 590 ## - LOCAL NOTE (RLIN) | |
| Local note | KA |
| 651 #4 - SUBJECT ADDED ENTRY--GEOGRAPHIC NAME | |
| Geographic name | United Kingdom |
| Chronological subdivision | |
| 690 ## - LOCAL SUBJECT ADDED ENTRY--TOPICAL TERM (OCLC, RLIN) | |
| Topical term or geographic name as entry element | ENVIRONMENTAL AND LAND CONSULTANCY-ENERGY-ENERGY USE-ENERGY EFFICIENCY |
| 856 40 - ELECTRONIC LOCATION AND ACCESS | |
| Uniform Resource Identifier | <a href="https://www.lowcarbonbuildingsphase2.org.uk">https://www.lowcarbonbuildingsphase2.org.uk</a> |
| Public note | View the website free of charge at www.lowcarbonbuildingsphase2.org.uk... |
| 942 ## - ADDED ENTRY ELEMENTS (KOHA) | |
| Suppress in OPAC | 0 |
| Withdrawn status | Lost status | Source of classification or shelving scheme | Damaged status | Not for loan | Home library | Current library | Shelving location | Date acquired | Total Checkouts | Full call number | Barcode | Date last seen | Copy number | Price effective from | Koha item type |
|---|---|---|---|---|---|---|---|---|---|---|---|---|---|---|---|
| Dewey Decimal Classification | Virtual | Virtual | Online | 18/12/2006 | WEB SITE | 135918-2001 | 06/08/2019 | 1 | 06/08/2019 | Online material |